01164cam a2200301I 4500001000700000003000600007005001700013008004100030035002300071035001900094040004900113049002500162050001700187082001700204090001700221100004500238245005900283260005400342300001700396490002300413500005100436504004100487505016500528650003000693942001200723999001300735952011400748240545GBCCL20241126110346.0741028s1968 miu b 000 0 eng d a(OCoLC)ocm01058918 a(OCoLC)1058918 aINTbengcINTdOCLCQdOCLCGdOKRdCPCdOCLCQ aLBBTv1-2aLBBCv1-214aBV4207b.D3204a251.009bDAR aBV4207b.D321 aDargan, Edwin Charles,d1852-1930.9115812aA history of preaching.cIntrod. by J.B. Weatherspoon. aGrand Rapids, Mich.,bBaker Book Housec[1968-70] a2 v.c22 cm.0 aTwin brooks series aReprint of ed. published originally 1905-1912. aIncludes bibliographical references.0 av. 1. From the Apostolic Fathers to the great reformers, A.D. 70-1572.--v. 2. From the close of the Reformation to the end of the nineteenth century, 1572-1900. 0aPreachingxHistory.91159 2ddccBK c797d797 00102ddc4070aGBCbGBCcMNMSd2017-03-16l0o251.009 DARp007069r2025-05-01 00:00:00tc.1w2017-03-16yBK